The Spongebob Squarepants Movie - Goofy Goober Rock Lyrics - Statistics

General Stats
  • This quiz has been taken 81 times
  • The average score is 83 of 118
Answer Stats
Hint Answer % Correct
Go
100%
| a a
98%
| goober goober
98%
goober,
98%
| goofy goofy
98%
Goofy,
98%
goofy,
98%
I
96%
| I'm I'm
93%
| (Rock) (Rock)
91%
you
89%
{you
89%
your
87%
all
80%
goobers
78%
We're
78%
You're
76%
to
72%
no
65%
(No
65%
No,
65%
no,
65%
say
63%
say,
63%
away
61%
Put
61%
way
61%
way)
61%
The
59%
toys
59%
Yeah yeah
59%
when
54%
When
54%
And
52%
and
52%
kid,
50%
kid
50%
me
46%
then
46%
be
43%
it
43%
will
41%
again
39%
free
39%
set
39%
if
37%
inside
37%
like
37%
So
37%
Thank
37%
Well,
37%
ahead
35%
got
35%
try
35%
much
33%
very
33%
you'd
33%
not
28%
play
28%
that
26%
thanks
24%
(Thanks)
24%
thinking
24%
tell
22%
No matching quizzes found
Score Distribution
Percent of People with Each Score
Percentile by Number Answered
Your Score History
You have not taken this quiz